Escritura sexy

保存先:
書誌詳細
第一著者: Pastor, Lluís (autor)
フォーマット: 図書
言語:スペイン語
出版事項: Barcelona UOC 2008
版:1a. ed
シリーズ:Comunicación
主題:
タグ: タグ追加
タグなし, このレコードへの初めてのタグを付けませんか!

MARC

LEADER 00000nam a2200000 a 4500
001 UCH0418
003 CL-VaPUC
008 090312e20080000SP |||||||||||||||||spa|d
020 |a 9788497887052 
082 0 4 |a 302.2244  |b PAS  |2 21 
100 |a Pastor, Lluís  |e autor  |9 534599 
245 1 0 |a Escritura sexy 
250 |a 1a. ed 
300 |a 220 p 
942 |c BK 
945 |d 20090312 00:00:00  |a rbrito 
260 |a Barcelona  |b UOC  |c 2008 
650 0 |a Comunicación   |9 257251 
650 0 |a Escritura  |9 264941 
650 0 |a Redacción   |9 320524 
583 |a last modification  |c 20130105 01:37:35  |k Rodrigo Vera 
490 0 |a Comunicación 
999 |c 332741  |d 332739 
952 |0 0  |1 0  |4 0  |6 302_224400000000000_PAS_2008  |7 0  |8 A  |9 420638  |a BIBARQ  |b BIBARQ  |d 2019-11-22  |i 4513711  |o 302.2244 PAS 2008  |p 4513711  |r 2025-01-20  |w 2019-11-22  |y BK  |k ARQ